000 00451nam a2200157 i 4500
001 147903
003 ES-MaACL
005 20230906202319.0
007 t|
008 071008s1907 sp ||||1| spa d
100 1 _aUrbano, Ramón A.
_9112075
245 1 0 _aSobre ruinas
_b: novela contemporánea /
_cRamón A. Urbano.
260 _aPuente Genil :
_b[s.n.],
_c1907 (
_fBaldomero Jiménez)
300 _a293 p. ;
_c14 cm.
852 _aES-MaACL
_jD-3989
999 _c147903
_d147903